| 000 | 00584nam a22001817a 4500 | ||
|---|---|---|---|
| 999 |
_c177761 _d177761 |
||
| 005 | 20210302165558.0 | ||
| 010 | _aENG-129116 | ||
| 020 |
_c175.00 _a978-93-88720-79-3 |
||
| 035 | _aEN-112648 | ||
| 037 | _bDBAD/PUB | ||
| 082 | _a940.5318092 | ||
| 100 | _aFrank, Anne | ||
| 245 |
_aThe Diary of a Young Girl/ _cAnne Frank |
||
| 260 |
_aDelhi _bPharos Books (P) Ltd. _c2020 |
||
| 270 |
_bDelhi _e110092 _aA-55, Main Mother Dairy Road, Pandav Nagar _k8447931000, 9319228272 _msales@pharosbooks.in |
||
| 300 |
_a260p. _c22cm(pbk) |
||
| 942 |
_2ddc _cEN _h940.5318092 _mFRA |
||